Vainqueurs de grand prix F1 en 2023 - Statistiques

Statistiques générales
  • Ce quiz a été pris 800 fois
  • Le résultat moyen est 22 sur 22
Statistiques - réponses
Grand Prix Vainqueur % Correct
Bahreïn Verstappen
100%
Australie Verstappen
100%
Miami Verstappen
100%
Monaco Verstappen
100%
Espagne Verstappen
100%
Canada Verstappen
100%
Autriche Verstappen
100%
Grande Bretagne Verstappen
100%
Hongrie Verstappen
100%
Belgique Verstappen
100%
Pays-Bas Verstappen
100%
Italie Verstappen
100%
Japon Verstappen
100%
Qatar Verstappen
100%
Etats-Unis Verstappen
100%
Mexique Verstappen
100%
Las Vegas Verstappen
100%
Abou Dabi Verstappen
100%
Singapour Sainz
93%
Brésil Verstappen
93%
Arabie Saoudite Perez
90%
Azerbaidjan Perez
90%
Aucun quiz correspondant
Distribution des résultats
% des personnes avec chaque résultat
Percentile par nombre de réponses
Votre historique - résultats
Vous n’avez pas pris ce quiz